| 000 | 01299nam a22001697a 4500 | ||
|---|---|---|---|
| 008 | 121012t xxu||||| |||| 00| 0 eng d | ||
| 020 | _a9788184781038 | ||
| 050 | _aHF5635.S43 | ||
| 100 | _aSehgal, Ashok, | ||
| 245 |
_aTaxman's financial accounting: problems and solutions. / _cAshok Sehgal and Dr. Deepak Sehgal |
||
| 260 |
_aNew Delhi: _bTaxmann Allied Services, _cc2010. |
||
| 300 |
_a179 p.: _c24cm. |
||
| 505 | _aContents: Accounting - the language of business -- Financial accounting principles -- Financial accounting standards -- Accounting process -- Business income -- Revenue recognition (including salient features of AS-9) and expense recognition -- The Nature of depreciation -- Inventory valuation (including salient features of AS-2 revised) -- Capital and revenue expenditures and receipts -- Financial statements of non-corporate business entities -- Financial statements of 'not-for-profit' organisations -- Financial statements from incomplete records -- Accounting for hire-purchase and instalment payment transactions -- Leases -- Accounting for branches -- Accounting for dissolution of partnership firms -- Guide to solutions to review questions -- Guide to answers to practical problems. | ||
| 650 | _bFinancial Accounting | ||
| 700 | _aSehgal, Deepak, | ||
| 942 |
_2lcc _cBK |
||
| 999 |
_c2438 _d9938 |
||